| 000 | 00744nam a2200205 a 4500 | ||
|---|---|---|---|
| 005 | 20210223123211.0 | ||
| 008 | 991125s1954 ec 000 0 spa u | ||
| 035 | _aUPN01000049164 | ||
| 049 | _aCG | ||
| 050 | 4 |
_aLB1597 E2 _bA2.7 1954 |
|
| 100 | 1 |
_aAbad Grijalva, Gonzalo, _d1910-2009 _930070 |
|
| 245 | 1 | 0 |
_aPruebas de instrucción A C V : _bguía para su corrección, valoración e interpretación de los resultados / _cpor Gonzalo Abad G., Edmundo Cargo B., Ermel N. Velasco. |
| 250 | _a3a ed. | ||
| 260 |
_aQuito : _bMinisterio de Educación, _c1954. |
||
| 300 |
_a139 p. : _bil. |
||
| 650 | 4 |
_aMEDICIONES Y PRUEBAS EDUCATIVAS - _zECUADOR |
|
| 700 | 1 |
_aCargo B., Edmundo, _ecoaut. |
|
| 700 | 1 |
_aVelasco, Ermel N., _ecoaut. |
|
| 905 | _aLibro | ||
| 999 |
_c49164 _d49164 |
||